| 000 | 00572nam a2200181Ia 4500 | ||
|---|---|---|---|
| 005 | 20250923145253.0 | ||
| 008 | 008 250917s9999 xx 000 0 eng d | ||
| 037 | _aTextual | ||
| 040 |
_aDSWL _beng _cDSWL |
||
| 041 |
_aeng _2eng |
||
| 084 |
_aYXp1,N88, N66 _qDSWL |
||
| 245 | 0 | _aUrban Development Its Implications for Social Proceedings of the XIII th International Conf. of Social Work | |
| 260 |
_aNew York _b Columbia University Press _c1967 |
||
| 300 | _avi,462p. | ||
| 365 | _aINR | ||
| 942 |
_cTEXL _hYXp1,N88, N66 |
||
| 999 |
_c1449266 _d1449266 |
||